Estações da Linha do Norte - Statistics

Estatísticas Gerais
  • Esse quiz foi jogado 2 vezes
  • A pontuação média é 25 de 83
Estatísticas das Respostas
Estação % Correto
Alverca
100%
Aveiro
100%
Azambuja
100%
Braço de Prata
100%
Chão de Maçãs-Fátima
100%
Coimbra-B
100%
Entroncamento
100%
Espinho
100%
Estarreja
100%
Gaia
100%
Lisboa (Sta. Apolónia)
100%
Ovar
100%
Pombal
100%
Riachos-Torres Novas - Golegã
100%
Sacavém
100%
Santarém
100%
Setil
100%
Vila Franca de Xira
100%
Alfarelos
50%
Alhandra
50%
Bobadela
50%
Cacia
50%
Carregado
50%
Caxarias
50%
Lisboa Oriente
50%
Moscavide
50%
Pampilhosa
50%
Pampilhosa
50%
Reguengo -
Vale da Pedra -
Pontével
50%
Soure
50%
Taveiro
50%
Vale de Santarém
50%
Adémia
0%
Aguda
0%
Aguim
0%
Albergaria Dos Doze
0%
Ameal
0%
Avanca
0%
Bencanta
0%
Canelas
0%
Carvalheira/Maceda
0%
Casais
0%
Castanheira do Ribatejo
0%
Coimbrões
0%
Cortegaça
0%
Curia
0%
Esmoriz
0%
Espadanal da Azambuja
0%
Espadaneira
0%
Formoselha/Santo Varão
0%
Francelos
0%
Fugalvaz
0%
General Torres
0%
Granja
0%
Lamarosa
0%
Litém
0%
Litém
0%
Madalena
0%
Mato Miranda
0%
Miramar
0%
Mogofores
0%
Oiã
0%
Oliveira do Bairro
0%
Paialvo
0%
Paraimo
0%
Paramos
0%
Paramos
0%
Pereira
0%
Póvoa
0%
Quintans
0%
Salreu
0%
Santa Iria
0%
Santana Cartaxo
0%
Seiça - Ourém
0%
Simões
0%
Souselas
0%
Valadares
0%
Vale de Figueira
0%
Válega
0%
Vila Nova da Rainha
0%
Vila Nova de Anços
0%
Vila Pouca do Campo
0%
Vilela/Fornos
0%
Nenhum quiz correspondente encontrado
Distribuição das Pontuações
Porcentagem de Pessoas com Cada Pontuação
Percentil de Números Respondidos
Sua Pontuação Histórica
Você não jogou esse quiz